Φρανκενστάιν, ή, Ο σύγχρονος Προμηθέας
Saved in:
| Main Author: | |
|---|---|
| Format: | Book |
| Language: | Greek English |
| Published: |
Αθήνα :
Εστία,
1993.
|
| Series: | Ξένη λογοτεχνία (Εστία)
|
| Subjects: | |
| Tags: |
Add Tag
No Tags, Be the first to tag this record!
|
MARC
| LEADER | 00000cam a2200000 i 4500 | ||
|---|---|---|---|
| 001 | 1/54520 | ||
| 008 | 941103s1993 gr | ||| |||| ||gre|| | ||
| 020 | |a 9600504334 | ||
| 035 | |a 1994 |c Βιβλιοθήκη |l 10045019 | ||
| 040 | |a GR-MyUa |b gre |e AACR2 | ||
| 041 | 1 | |a gre |h eng | |
| 082 | 7 | |a 823 |2 (21) | |
| 082 | 7 | |a 823.7 |2 (22) | |
| 100 | 1 | |a Shelley, Mary Wollstonecraft, |d 1797-1851. | |
| 245 | 1 | 0 | |a Φρανκενστάιν, ή, Ο σύγχρονος Προμηθέας / |c Μαίρη Σέλλευ ; μετάφραση: Ερρίκος Μπελιές ; επίμετρο: Harold Bloom. |
| 260 | |a Αθήνα : |b Εστία, |c 1993. | ||
| 300 | |a 275 σ. ; |c 21 εκ. | ||
| 490 | 1 | |a (Ξένη λογοτεχνία / Εστία) | |
| 500 | |a Τίτλος πρωτοτύπου: Frankenstein, or, The modern Prometheus. | ||
| 600 | 1 | 0 | |a Frankenstein, Victor |c (Fictitious character) |v Fiction. |
| 650 | 0 | |a English fiction. | |
| 830 | 0 | |a Ξένη λογοτεχνία (Εστία) | |
| 852 | |a INST |b LESVOS |e 20000301 |h 823.7 SHE |p 005100020278 |q 005100020278 |t BK |y 0 | ||
| 852 | |a INST |b SAMOS |e 19941103 |h 823 SHE |p 005300006707 |q 005300006707 |t BK |y 0 | ||
| 852 | |a INST |b SYROS |e 20050302 |h 823 SHE |p 005500005452 |q 005500005452 |t BK |y 0 | ||
| 901 | |a BIBL5-2005-1 | ||
| 901 | |a BIBL1-2000-1 | ||
| 922 | |a 5ΕΛΗ |b 200411 |c 188 |d Πλάστιγγα | ||
| 922 | |a 1ΕΛΗ |b 199912 |c ΚΠΣ/ΤΚΑ |d E4MVASIS | ||
| 950 | |a 188-2004-11-03 | ||
| 950 | |a 117-1999-12-16 | ||
| 970 | |a Μουστάκα |b Πηνελόπη |z 17/04/2000 | ||